Quizzes
Events
Quiz Creation
Community
Videos
Private Events
Remove Ads
Sign In
Join for FREE
Feedback
Dark Mode
Quiz Categories
Sports
Geography
Music
Movies
Television
Just For Fun
Miscellaneous
History
Literature
Language
Science
Gaming
Entertainment
Religion
Holiday
For Kids
Quiz Lab
Recent
Popular Today
Quiz Kudos Today
Editor Picks
Curator Picks
Quizzes by...
Day
Popularity
Type
Ratings
Length
Year
Community
Subscriptions
Recent Discussions
Orange Saloon
Badges
Playlists
Quests
Create
Leaderboards
Showdown
Live 5
Trivia Bingo
Activity
Puzzle Library
Sporcle Events
Private Events
Virtual Trivia
Globe League
Become a Host
Pub Owners
SporcleCon
Opinionation
Our Games
Videos
Blog
Mobile Apps
Partnerships
Remove Ads and Go Orange
Feedback
Miscellaneous
Crossword
General Knowledge
Baby Names
Logo
Food
Cars
Numbers
Grab Bag
University
College
Popular
Company
Slogans
Restaurants
Justice
Letter
Miscellaneous
Crossword
General Knowledge
Baby Names
Logo
Food
Cars
Numbers
Grab Bag
University
College
Popular
Company
Slogans
Restaurants
Justice
Letter
Random Quiz
Search Sporcle
×
Quiz Lab
Quiz Lab
Miscellaneous
team
Type in answers that appear in a list
Type in answers that appear in a list
Classic
Best Score? Go Orange.
MU Quiz Team Q5 Stats
Can you name the the answers to this MU quiz??
By
mskiles314
5m
15 Questions
23 Plays
23 Plays
23 Plays
Comments
Comments
Give Quiz Kudos
Give Quiz Kudos
-
- Ratings
hide this ad
More Info
Random Order
Randomize order of answers
Randomize order of answers
Replay
Link that replays current quiz
Next Quiz
Link to next quiz in quiz playlist
You Got
0%
They Got
Avg Score
44%
Avg Friend Score
Upgrade to see
Score Distribution
Jump to the score distribution portion of the page
Score
0/15
Timer
05:00
0
Plays Today
Question
Answer
% Correct
What kind of precipitation is composed of regular hexagons?
snow
73.9%
In the Northern Hemisphere, what season starts on the vernal equinox?
spring
69.6%
The discovery of how to unravel the silk from the cocoon of a silkworm moth and weave that material into cloth was made in what country?
China
56.5%
What is the only Seven Wonders of the Ancient World still standing?
pyramids
52.2%
The fixed ratio between the size of a model and the size of the real object is called the ?
scale
52.2%
These words are classified as what: it's, doesn't, couldn't
contractions
52.2%
In North America, what bird is associated with spring?
Robin
43.5%
What bird is used as an allusion to willful blindness and a propensity to ignore the unpleasant?
Ostrich
39.1%
Question
Answer
% Correct
How many years does a person have to be an American citizen before he or she can run for the US House of Representatives?
7
39.1%
What college joined the big 10 when the conference expanded to 12 teams in 2010?
Nebraska
39.1%
Which name is used in allusions to governmental invasion of privacy?
big brother
39.1%
Trinitrotoluene is better know by what common name?
TNT
34.8%
What hat with a flat horizontal top is worn at graduation ceremonies?
mortarboard
34.8%
This verse refers to the ruler of what empire? In Xanadu did Kubla Khan A stately pleasure-
dome decree?
Mongol
26.1%
The lowest energy state for an atom is its ?
Ground
8.7%
Quiz Playlist
Details
Report
Send in Message
Add To Playlist
More Info:
This is designed for the MU Quiz Team as practice.
Classic:
Type in answers that appear in a list
Random Order:
Randomize order of answers
Last Updated: Feb 16, 2017
Quiz Scoreboard
CHALLENGE
Sign Up to Join the Scoreboard
Show All
Scores
Hide
Comments
May contain spoilers
Recently Published
College Basketball Coaching Resumes
by pancakes188
Sports
9m
Billboard Blitz: Fleetwood Mac
by CooCooCachoo
Music
15s
Presidents Visiting Landmarks
by Hejman
History
7m
More to Explore
Quiz From the Vault
Featured Blog Post
Where Did the Easter Bunny Come From?
hide this ad
You Might Also Like...
Tags
team
Today's Top Quizzes in Miscellaneous
Browse Miscellaneous
hide this ad
Today's Top Quizzes in team
Browse team
Top Contributed Quizzes in Miscellaneous
1
5-to-1: Fast Food
2
The JOE quick-fire general knowledge quiz: Day 174
3
The JOE quick-fire general knowledge quiz: Day 173
4
5-to-1: Cocktails
5
The JOE quick-fire general knowledge quiz: Day 172
6
Sunday Crossword: Famous Bodies of Water
7
The JOE quick-fire general knowledge quiz: Day 171
8
One Thing in Common: United Kingdom II
9
Named After an Animal - Odd One Out!
10
The JOE quick-fire quiz: Day 170
Explore More
Trending Topics
NBA
Kpop
Marvel
Harry Potter
Crossword
Anime
Disney
WWE
Puzzle
Song
The Office
Soccer
Pokémon
Country
NFL
hide this ad
More By:
mskiles314
Quiz
Plays
Rating
Category
Featured
Created
US Cabinet Departments by Subordinate Agencies
243
5.00
History
Nov 25, 2011
Literary Pseudonyms
169
Literature
Nov 27, 2009
MU Quiz Team Q1
41
Miscellaneous
Jun 12, 2010
MU Quiz Team Q5
23
Miscellaneous
Jul 18, 2010
MU Quiz Team Q2
21
Miscellaneous
Jun 13, 2010
Go to Creator's Profile
Score Distribution
Quiz Creator Spotlight
mskiles314
Follow
Send a Message
Quizzes Created
-
Created Quiz Play Count
-
More By This Creator
Popular Quizzes Today
1
Find the US States - No Outlines Minefield
2
Find the Countries of Europe - No Outlines Minefield
3
The Countries of the World
4
Find the US States
5
Risky Map Clicking: Biggest States A-Z
6
US States
7
Popular People in 1961
8
Movies - When Are They Set?
More Miscellaneous Quizzes
'F' Blitz
Published
Trending Quizzes
Risky Map Clicking: Least Populous States A-Z
1-10 Letter G Words
1-10 Letter F Words
Risky Map Clicking: Next State Alphabetically
Risky Map Clicking: Biggest States A-Z
Recently Updated
Leaping Animals
pecheneg
Reality TV Shows (A-Z)
bhenderson79
Rickey Henderson's Hall of Fame Teammates
pecheneg
Champions League XIs: Arsenal
pecheneg
Quick Pick: Celebrities in WWE's Hall of Fame
aduchscher
A-Z Keypad Blitz II
pecheneg
Multiple Oscar Actors
pecheneg
Mystery Phrase Blitz: Oscar 'Best Actors'
pecheneg
F. Scott Fitzgerald Novels
LTH
Pick 3 Villains
ddd62291
Trending Topics
Anime
Marvel
Harry Potter
Disney
Kpop
Crossword
NBA
Pokémon
WWE
NFL
Country
Song
The Office
Puzzle
Soccer
Your Account Isn't Verified!
In order to create a playlist on Sporcle, you need to verify the email address you used during registration. Go to your
Sporcle Settings
to finish the process.
Report this User
Report this user for behavior that violates our
Community Guidelines
.
Details:
Send Report
Go to the Sporcle.com Mobile Site →
Comments